Central Library OPAC University of Rajshahi

কাঁদো নদী কাঁদো / (Record no. 76528)

MARC details
000 -LEADER
fixed length control field 01058nam a2200253 a 4500
001 - CONTROL NUMBER
control field 76528
003 - CONTROL NUMBER IDENTIFIER
rucl marc code BD-RjUL
005 - DATE AND TIME OF LATEST TRANSACTION
control field 20211209082845.0
008 - FIXED-LENGTH DATA ELEMENTS--GENERAL INFORMATION
fixed length control field 191217s2017 bg 000 1 ben
035 ## - SYSTEM CONTROL NUMBER
System control number (BD-RjUL)
040 ## - CATALOGING SOURCE
Original cataloging agency BD-RjUL
Transcribing agency BD-RjUL
Language of cataloging eng
041 ## - LANGUAGE CODE
Language code of text/sound track or separate title ben
082 ## - DEWEY DECIMAL CLASSIFICATION NUMBER
Edition number 23
Classification number 891.443
Author mark and year WAK 2017
100 1# - MAIN ENTRY--PERSONAL NAME
Personal name ওয়ালীউল্লাহ, সৈয়দ
9 (RLIN) 120428
245 10 - TITLE STATEMENT
Title কাঁদো নদী কাঁদো /
Statement of responsibility, etc. সৈয়দ ওয়ালীউল্লাহ ; ভূমিকা মোহাম্মদ আখতার হোসেন
250 ## - EDITION STATEMENT
Edition statement চিরকাল প্রথম প্রকাশ /২০১৭
260 ## - PUBLICATION, DISTRIBUTION, ETC. (IMPRINT)
Place of publication, distribution, etc. ঢাকা :
Name of publisher, distributor, etc. চিরকাল প্রকাশন,
Date of publication, distribution, etc. ২০১৭
300 ## - PHYSICAL DESCRIPTION
Pagination ১৯১ পৃ. ;
Size ২২ সেমি.
600 ## - SUBJECT ADDED ENTRY--PERSONAL NAME
Personal name Waliullah, Syed
Titles and other words associated with a name 1922-1971
650 ## - SUBJECT ADDED ENTRY--TOPICAL TERM
Topical term or geographic name as entry element বাংলা উপন্যাস
9 (RLIN) 120429
Topical term or geographic name as entry element Bengali fiction
9 (RLIN) 120430
700 ## - ADDED ENTRY--PERSONAL NAME
Personal name হোসেন, মোহাম্মদ আখতার
942 ## - ADDED ENTRY ELEMENTS (KOHA)
Source of classification or shelving scheme Dewey Decimal Classification
Koha item type Books
Holdings
Lost status Source of classification or shelving scheme Damaged status Not for loan Permanent Location Current Location Shelving location Date acquired Source of acquisition Cost, normal purchase price Total Checkouts Full call number Date last seen Copy number Koha item type
  Dewey Decimal Classification   Not For Loan Central Library, University of Rajshahi Central Library, University of Rajshahi Reading Room 05/12/2019 Author 250.00   B 891.443 WAK 2017 17/12/2019 C-1 Books